UK National Rail with Map - Avanti West Coast - Statistics

General Stats
  • This quiz has been taken 411 times
  • The average score is 31 of 46
Answers on the Map
Answers color-coded by a green-red scale on the quiz's map according to % correct below.
 
Answer Stats
Answer Line % Correct
London Euston West Coast Main Line
96%
Birmingham New Street Birmingham Loop
94%
Crewe West Coast Main Line
94%
Liverpool Lime Street Crewe to Liverpool Line
91%
Manchester Piccadilly Stafford to Manchester Line
89%
Glasgow Central West Coast Main Line
87%
Carlisle West Coast Main Line
86%
Chester North Wales Coast Line
85%
Edinburgh Waverley West Coast Main Line
84%
Northampton Northampton Loop
83%
Preston West Coast Main Line
82%
Stafford West Coast Main Line
82%
Coventry Birmingham Loop
78%
Holyhead North Wales Coast Line
78%
Watford Junction West Coast Main Line
78%
Wolverhampton Birmingham Loop
78%
Rugby West Coast Main Line
77%
Milton Keynes Central West Coast Main Line
76%
Lancaster West Coast Main Line
74%
Stoke-on-Trent Stafford to Manchester Line
72%
Birmingham International Birmingham Loop
71%
Blackpool North Blackpool Branch Lines
71%
Stockport Stafford to Manchester Line
70%
Haymarket West Coast Main Line
67%
Warrington Bank Quay West Coast Main Line
66%
Bangor North Wales Coast Line
63%
Runcorn Crewe to Liverpool Line
62%
Motherwell West Coast Main Line
61%
Wigan North Western West Coast Main Line
60%
Llandudno Junction North Wales Coast Line
59%
Nuneaton West Coast Main Line
59%
Oxenholme Lake District West Coast Main Line
59%
Tamworth West Coast Main Line
55%
Macclesfield Stafford to Manchester Line
54%
Lichfield Trent Valley West Coast Main Line
53%
Wrexham General Shrewsbury to Chester Line
53%
Rhyl North Wales Coast Line
52%
Lockerbie West Coast Main Line
51%
Sandwell & Dudley Birmingham Loop
49%
Wilmslow Crewe to Manchester Line
46%
Penrith North Lakes West Coast Main Line
45%
Flint North Wales Coast Line
43%
Prestatyn North Wales Coast Line
43%
Colwyn Bay North Wales Coast Line
42%
Poulton-le-Fylde Blackpool Branch Lines
38%
Kirkham & Wesham Blackpool Branch Lines
35%
No matching quizzes found
Score Distribution
Percent of People with Each Score
Percentile by Number Answered
Your Score History
You have not taken this quiz